UM Logo

Project mastery : (Record no. 24025)

MARC details
000 -LEADER
fixed length control field 00607nam a2200169 4500
005 - DATE AND TIME OF LATEST TRANSACTION
control field 20251008111510.0
008 - FIXED-LENGTH DATA ELEMENTS--GENERAL INFORMATION
fixed length control field 251008b |||||||| |||| 00| 0 eng d
020 ## - INTERNATIONAL STANDARD BOOK NUMBER
International Standard Book Number 9786214063765
082 ## - DEWEY DECIMAL CLASSIFICATION NUMBER
Classification number DFil 658.404 P260 2024
100 ## - MAIN ENTRY--PERSONAL NAME
Personal name Pasahol, Jhon Ven Saint Laqui.
9 (RLIN) 68693
245 ## - TITLE STATEMENT
Title Project mastery :
Remainder of title a comprehensive guide to successful project management /
Statement of responsibility, etc. Pasahol, Jhon Ven Saint Laqui.
260 ## - PUBLICATION, DISTRIBUTION, ETC. (IMPRINT)
Place of publication, distribution, etc. Manila :
Name of publisher, distributor, etc. Mindshapers Co., Inc.,
Date of publication, distribution, etc. ©2024.
300 ## - PHYSICAL DESCRIPTION
Extent viii, 328 pages :
Other physical details illustrations ;
Dimensions 26 cm.
500 ## - GENERAL NOTE
General note Includes references.
650 #0 - SUBJECT ADDED ENTRY--TOPICAL TERM
Topical term or geographic name as entry element Project management.
9 (RLIN) 68694
942 ## - ADDED ENTRY ELEMENTS (KOHA)
Source of classification or shelving scheme Dewey Decimal Classification
Koha item type Filipiniana
Holdings
Withdrawn status Lost status Source of classification or shelving scheme Damaged status Not for loan Collection code Home library Current library Date acquired Source of acquisition Cost, normal purchase price Total Checkouts Full call number Barcode Date last seen Price effective from Koha item type
    Dewey Decimal Classification     Filipiniana UM Digos College - LIC UM Digos College - LIC 08/11/2025 Purchased 1500.00   DFil 658.404 P260 2024 29060 10/08/2025 10/08/2025 Filipiniana